000 00972nam a22003137a 4500
003 CHAP
005 20220329135517.0
008 971013s1977 r 00010 d
010 _a37803
011 _a38775
035 _a42895
040 _cCHAP
090 _aFolleto 5379
100 0 0 _aMikkelsen, D. S.
_975693
245 _aZinc fertilization and behavior in flooded soils
260 _aSlough :
_bCommonwealth Bureau of Soils,
_c1977
300 _a59 p.
_b; gráfs
490 _aSpecial publication
_v; 5
590 _aBATCH-UPD
_b10
_c20130109
_lUCH01
_h2335
590 _aBATCH-UPD
_b10
_c20130110
_lUCH01
_h1729
590 _aCONVERSION
_b10
_c20130109
_lUCH01
_h1321
650 1 4 _aZinc
_xEfecto en plantas.
_9124065
700 0 _aKuo, Shion.
_964103
830 0 _aSpecial publication
_v; 5
_9109152
901 _aBK
942 _cFOLL
949 _aFolleto 5379
_bBC
_cFOLL
_d-98585
_eTS1
_i42895
_si
949 _aFolleto 5379
_bBC
_cFOLL
_d-98586
_eTS2
_fc.2
_i42895
_si
999 _c37803
_d37803